000 00661cam a22001695a 4500
001 L155825
008 120417s1824 xxk f 000 0 eng d
035 _a(Sirsi) u155825
041 0 _aeng
245 0 4 _aThe complete assistant for the landed proprietor, estate and house agent, land-steward, proctor, architect, surveyor, builder, auctioneer, appraiser, upholsterer, cabinet-maker, etc.
260 _aLondon
_bPriestley and Weale
_c1824
300 _axiii, 476 p.
_bill., diags., tables
_c23 cm.
583 _aCondition reviewed
_c20120620
_lcondition level 1 and 4
651 4 _aGreat Britain
_y1707-
690 _aConstruction management
_96230
942 _n0
999 _c113855
_d113855